| 000 | 01145nam a2200253Ia 4500 | ||
|---|---|---|---|
| 999 |
_c35370 _d35370 |
||
| 001 | 1223 | ||
| 003 | GE_BSU | ||
| 005 | 20241004154136.0 | ||
| 008 | 181216s2003||||ge |||||||||||||| ||geo|| | ||
| 040 | _cGE_BSU | ||
| 041 | _ageo | ||
| 080 | _a574(075.8) გ–92 | ||
| 100 |
_aგუგავა, ელდარ _916744 |
||
| 245 |
_aმცენარეთა ეკოლოგია : _b[სახელმძღვ. უმაღლ. სასწ. სტუდენტებისათვის] / _cელდარ გუგავა, გიორგი მელაძე; რედ. ლევან გვაზავა. |
||
| 264 |
_aთბილისი, _c2003. |
||
| 300 |
_a278 გვ. : _bნახ. ; _c20 სმ. |
||
| 500 | _aეკოლ. ტერმინები: გვ. 262. | ||
| 504 | _aბიბლიოგრ.: გვ. 270-273. | ||
| 541 | _h8 ლ. | ||
| 653 | _aმცენარეთა ეკოლოგია | ||
| 700 |
_aმელაძე, გიორგი _eავტორი _9824 |
||
| 700 |
_aგვაზავა, ლევან _eრედაქტორი _98295 |
||
| 942 |
_cBK _2udc |
||